Les lieux de memoire

Αποθηκεύτηκε σε:
Λεπτομέρειες βιβλιογραφικής εγγραφής
Κύριος συγγραφέας: Nora, Pierre
Μορφή: Βιβλίο
Γλώσσα:French
Δημοσίευση: [Paris] : Gallimard, 1984-1992
Σειρά:Bibliotheque illustree des histoires
Θέματα:
Ετικέτες: Προσθήκη ετικέτας
Δεν υπάρχουν, Καταχωρήστε ετικέτα πρώτοι!

MARC

LEADER 00000cam a2200000 i 4500
001 1/67159
008 931026m19841992 fre d
020 |a 2-07-070192-1 (v.1) 
020 |a 2-07-070658-3 (v.2 (part 1)) 
020 |a 2-07-070659-1 (v.2 (part 2)) 
020 |a 2-07-070794-6 (v.2 (part 3)) 
020 |a 2-07-072302-X (v.3 (part 1)) 
020 |a 2-07-072303-8 (v.3 (part 2)) 
020 |a 2-07-072304-6 (v.3 (part 3)) 
035 |a ΛΕΣΒΟΣb10001849  |l 10001849 
035 |a ΛΕΣΒΟΣb10001850 
035 |a ΛΕΣΒΟΣb10001851 
035 |a ΛΕΣΒΟΣb10001852 
035 |a ΛΕΣΒΟΣb10001853 
035 |a ΛΕΣΒΟΣb10001854 
035 |a ΛΕΣΒΟΣb10001855 
040 |a GR-MY-UA  |b    |e aacr 
041 0 |a fre 
082 0 |a 944.08 
100 1 |a Nora, Pierre. 
245 1 4 |a Les lieux de memoire /  |c Pierre Nora 
260 |a [Paris] :   |b Gallimard,   |c 1984-1992 
300 |a 3 v. (7 parts)  |b ill. 
490 1 |a Bibliotheque illustree des histoires 
505 0 |a Volume 1: La republiqueVolume 2: La nationvol. 3: Les France - part 1: conflits et partages - part 2: Traditions - part 3: de l'archive a l'embleme 
650 0 |a Memory. 
650 0 |a Symbolism. 
650 0 |a National characteristics, French. 
650 0 |a Nationalism  |z France. 
651 0 |a France  |x Civilization  |x Philosophy. 
830 0 |a Bibliotheque illustree des histoires 
852 |a INST  |b LESVOS  |e 19931026  |h 944.08 LIE  |p 005100005558  |q 005100005558  |t BK  |y 0  |z τ.3:Μέρος.1 
852 |a INST  |b LESVOS  |e 19931026  |h 944.08 LIE  |p 005100005559  |q 005100005559  |t BK  |y 0  |z τ.1 
852 |a INST  |b LESVOS  |e 19931026  |h 944.08 LIE  |p 005100005560  |q 005100005560  |t BK  |y 0  |z τ.2:Μέρος.2 
852 |a INST  |b LESVOS  |e 19931026  |h 944.08 LIE  |p 005100005561  |q 005100005561  |t BK  |y 0  |z τ.2:Μέρος.1 
852 |a INST  |b LESVOS  |e 19931026  |h 944.08 LIE  |p 005100005563  |q 005100005563  |t BK  |y 0  |z τ.2:Μέρος.3 
852 |a INST  |b LESVOS  |e 19931026  |h 944.08 LIE  |p 005100005564  |q 005100005564  |t BK  |y 0  |z τ.3:Μέρος.2 
852 |a INST  |b LESVOS  |e 19970724  |h 944.08 LIE  |p 005100007065  |q 005100007065  |t BK  |y 0  |z τ.1 
852 |a INST  |b LESVOS  |e 19931026  |h 944.08 LIE  |p 005100017841  |q 005100017841  |t BK  |y 0  |z τ.3:Μέρος.3 
852 |a INST  |b LESVOS  |e 19931026  |h 944.08 LIE  |p 005100005558  |q 005100005558  |t BK  |v τ.3;Μ΄ερος.1:  |y 0  |z τ.3:Μέρος.1 
852 |a INST  |b LESVOS  |e 19931026  |h 944.08 LIE  |p 005100005559  |q 005100005559  |t BK  |v τ.1:  |y 0  |z τ.1 
852 |a INST  |b LESVOS  |e 19931026  |h 944.08 LIE  |p 005100005560  |q 005100005560  |t BK  |v τ.2;Μ΄ερος.2:  |y 0  |z τ.2:Μέρος.2 
852 |a INST  |b LESVOS  |e 19931026  |h 944.08 LIE  |p 005100005561  |q 005100005561  |t BK  |v τ.2;Μ΄ερος.1:  |y 0  |z τ.2:Μέρος.1 
852 |a INST  |b LESVOS  |e 19931026  |h 944.08 LIE  |p 005100005563  |q 005100005563  |t BK  |v τ.2;Μ΄ερος.3:  |y 0  |z τ.2:Μέρος.3 
852 |a INST  |b LESVOS  |e 19931026  |h 944.08 LIE  |p 005100005564  |q 005100005564  |t BK  |v τ.3;Μ΄ερος.2:  |y 0  |z τ.3:Μέρος.2 
852 |a INST  |b LESVOS  |e 19970724  |h 944.08 LIE  |p 005100007065  |q 005100007065  |t BK  |v τ.1:  |y 0  |z τ.1 
852 |a INST  |b LESVOS  |e 19931026  |h 944.08 LIE  |p 005100017841  |q 005100017841  |t BK  |v τ.3;Μ΄ερος.3:  |y 0  |z τ.3:Μέρος.3 
853 |a INST  |b LESVOS  |h 944.08 LIE 
909 |a Λ  |b 027066 
909 |a Λ  |b 027067 
909 |a Λ  |b 027069 
909 |a Λ  |b 027071 
909 |a Λ  |b 027070 
909 |a Λ  |b 027068 
909 |a Λ  |b 027072